Špeciálne šľachtenie poľnohospodárskych plodín

Bibliographic Details
Main Author: Boháč, Jozef, 1921-2010 (Author)
Format: Book
Language:Slovak
PhysicalDescription:270 strán schémy, tabuľky 30 cm
Published: V Nitre Vysoká škola poľnohospodárska 1990
ISBN:8085175460
Edition:2. nepreprac. vyd.
Subjects:

MARC

LEADER 00000cam a2200000 a 4500
001 vtls001068106
003 SK-MaSNL
005 20260301193429.0
008 241204s1990 xo l frp 000 0 slo
015 |a SNBA1990/03 
020 |a 8085175460  |q (brožované) 
035 |a SNK000010936 
035 |a urn:nbn:sk:snk-amlmny 
035 |a urn:nbn:sk:snk-am00brv6 
035 |a 4FC53D5C-E6D4-40BA-9135-6C48BA6D814E 
040 |a SNK  |b slo  |c SNK  |e AACR2 
041 0 |a slo 
044 |a xo  |c SK 
072 7 |a 63  |x Poľnohospodárstvo a príbuzné oblasti vedy a techniky  |2 konspekt 
072 7 |a 633  |x Rastlinná výroba  |2 konspekt 
072 7 |a 37.016  |x Učebné osnovy. Vyučovacie predmety. Učebnice  |2 konspekt 
080 |a 633/635  |2 2011 
080 |a (075.8)  |2 2011 
080 |a 631.52  |2 2001 
100 1 |a Boháč, Jozef,  |d 1921-2010  |4 aut  |9 57529 
245 1 0 |a Špeciálne šľachtenie poľnohospodárskych plodín  |c Jozef Boháč 
250 |a 2. nepreprac. vyd. 
260 |a V Nitre  |b Vysoká škola poľnohospodárska  |c 1990 
300 |a 270 strán  |b schémy, tabuľky  |c 30 cm 
366 |e 200 kusov 
500 |a Vydala Vysoká škola poľnohospodárska v Nitre, Agronomická fakulta, Katedra šľachtenia a ochrany rastlín 
500 |a Obsahuje 7 kapitol 
521 |a Pre smer MOŠ FYTO 
650 0 7 |a poľnohospodárske rastliny  |2 SNKPH  |9 298370 
650 0 7 |a šľachtenie poľnohospodárskych plodín  |2 SNKPH  |9 66654 
650 0 7 |a šľachtenie rastlín  |2 SNKPH  |9 3635 
655 7 |a učebnice vysokých škôl  |2 SNKPH  |9 70191 
710 2 |a Vysoká škola poľnohospodárska v Nitre.  |b Agronomická fakulta.  |b Katedra šľachtenia a ochrany rastlín  |4 pbl  |9 133338 
740 0 2 |a Obilniny 
740 0 2 |a Okopaniny 
740 0 2 |a Olejniny 
740 0 2 |a Priadne rastliny 
740 0 2 |a Technické plodiny 
740 0 2 |a Strukoviny 
740 0 2 |a Krmoviny 
752 |a Slovensko  |d Nitra 
852 |a Slovenská národná knižnica 
919 |a 80-85175-46-0 
954 |a odborná, vedecká literatúra pôvodná (slovenská)  |2 lita 
958 |a RK 
958 |a TL 
958 |a OND 
958 |a UV 
958 |a EUIPO 
999 |c 877243  |d 879173 
952 |a SNK  |b SNK  |y VYP  |7 0  |p 17A0146540  |o snkSB 49411 D1  |0 0  |1 0  |4 0  |d 1998-07-06  |l 0  |r 2004-12-31 00:00:00  |w 2026-02-24 
952 |a SNK  |b SNK  |y PREZ  |7 0  |p 17A0804110  |o snkSB 49411  |i snkKSP 3427/92  |0 0  |1 0  |4 0  |d 2012-07-12  |f 1  |l 0  |r 2025-02-28 00:00:00  |w 2026-02-24